00852nam a2200241 i 45000010005000000030009000050050017000140080039000310150015000700400028000850800027001131000033001402450119001732600051002923000026003433800017003696500017003866500010004037000031004137000032004447100037004768560097005138971KOSZ 00520200514142938.0070616s1969 pl f 000 0 pol aPB 1970/24 aWA NcWA NdKOSZ 005/RW a389.6(438):351.82(438)1 aAmbrożewicz, Maria.eAutor10aZbiór aktów prawnych dotyczących normalizacji /cMaria Ambrożewicz, Kazimierz Grzesik, Tadeusz Wóycicki. aWarszawa :bWydawnictwa Normalizacyjne,c1969. a365, [1] s. ;c23 cm. aKsiążki. 4aNormalizacja 4aPrawo1 aGrzesik, Kazimierz.eAutor1 aWóycicki, Tadeusz.eAutor2 aWydawnictwa Normalizacyjne4pbl. uhttp://koha.tu.koszalin.pl/cgi-bin/koha/opac-detail.pl?biblionumber=8971yKatalog online BPK